ZKM Gdynia - 128 - Statystyki

Ogólne statystyki
  • Ten quiz został rozwiązany 27 razy
    19 od ostatniego zresetowania
  • Średni wynik to 30 z 40
Statystyki odpowiedzi
Przystanek Ulica % Poprawnych
Dom Marynarza Piłsudskiego
100%
Piłsudskiego Piłsudskiego
92%
Armii Krajowej Władysława IV
83%
Energetyków Janka Wiśniewskiego
83%
Janka Wiśniewskiego Janka Wiśniewskiego
83%
Kwiatkowskiego Kwiatkowskiego
83%
Obłuże Centrum Estakada Kwiatkowskiego
83%
Węzeł Ofiar Grudnia '70 Janka Wiśniewskiego
83%
Wzgórze Św. Maksymiliana SKM Władysława IV
83%
Akademia Marynarki Wojennej Śmidowicza
75%
Arciszewskich Arciszewskich
75%
Armii Krajowej Władysława IV
75%
Bosmańska - Zielona Bosmańska
75%
Cechowa Unruga
75%
Dąbka - Zespół Szkół Pułkownika Dąbka
75%
Dąbka - Zielona Zielona
75%
Gdynia Dworzec Gł. PKP - Hala Jana z Kolna
75%
I Urząd Skarbowy Władysława IV
75%
Kilińskiego Władysława IV
75%
Muchowskiego Pułkownika Dąbka
75%
Nasypowa Śmidowicza
75%
Obłuże Centrum Estakada Kwiatkowskiego
75%
Oksywie Dolne Śmidowicza
75%
Oksywie Górne Pułkownika Dąbka
75%
Stocznia Wojenna Śmidowicza
75%
Turkusowa Pułkownika Dąbka
75%
Żeglarzy Śmidowicza
75%
Alzacka Bosmańska
67%
Benisławskiego Pułkownika Dąbka
67%
Dom Marynarza Piłsudskiego
67%
Energetyków Janka Wiśniewskiego
67%
Gdynia Dworzec Gł. PKP - Hala Wójta Radtkego
67%
Janka Wiśniewskiego Janka Wiśniewskiego
67%
Kilińskiego Władysława IV
67%
Starowiejska 3 Maja
67%
Sucharskiego Kwiatkowskiego
67%
Węzeł Ofiar Grudnia '70 Janka Wiśniewskiego
67%
Wzgórze Św. Maksymiliana SKM Władysława IV
67%
Piłsudskiego Piłsudskiego
58%
Urząd Miasta - Świętojańska Świętojańska
58%
Nie znaleziono quizów pasujących do podanych kryteriów
Rozkład punktacji
Procent ludzi z każdym wynikiem
Percentyl według liczby udzielonych odpowiedzi
Twoja historia wyników
Nie rozwiązałeś tego quizu od ostatniego zresetowania